000 00529nam a2200205 4500
003 OSt
005 20260601171001.0
008 260507b2002\\\\|||a||||\||||\001\0\eng\d
020 _a0811835480
040 _aICI
_bspa
_cICI
050 _aNK1520
_bE26
100 1 _aFuad-Luke, Alistair
_931516
245 1 _aeco Design The Sourcebook
264 _bChronicle Books
_c2002
_aChina
300 _a352 páginas
336 _atexto
_2rdacontent
337 _asin medio
_2rdamedia
338 _avolumen
_2rdacarrier
942 _2lcc
_cB
_n1
999 _c20097
_d20097